Μέτρηση Συμπεριφοράς Ελλήνων Καταναλωτών στα Είδη Ένδυσης-Υπόδησης την Περίοδο της Κρίσης (Record no. 8564)
[ view plain ]
| 000 -LEADER | |
|---|---|
| fixed length control field | 01549cam a22001934a 4500 |
| 005 - ΗΜΕΡΟΜΗΝΙΑ ΚΑΙ ΩΡΑ ΤΕΛΕΥΤΑΙΑΣ ΕΝΗΜΕΡΩΣΗΣ | |
| Πεδίο ελέγχου | 20250605164339.0 |
| 008 - FIXED-LENGTH DATA ELEMENTS--GENERAL INFORMATION | |
| Πεδίο ελέγχου σταθερού μήκους | 250528s ||||||||||||||||||||||||d |
| 035 ## - SYSTEM CONTROL NUMBER | |
| System control number | 23563 |
| 040 ## - ΠΗΓΗ ΚΑΤΑΛΟΓΟΓΡΑΦΗΣΗΣ | |
| Φορέας πρωτότυπης καταλογογράφησης | MC Athens Campus Library |
| Γλώσσα καταλογογράφησης | Ελληνικά, Μοντέρνα (1453-) |
| Modifying agency | MC Athens Campus Library |
| Κανόνες περιγραφικής καταλογογράφησης | AACR2 |
| 245 1# - ΤΙΤΛΟΣ ΚΑΙ ΔΗΛΩΣΗ ΥΠΕΥΘΥΝΟΤΗΤΑΣ | |
| Τίτλος | Μέτρηση Συμπεριφοράς Ελλήνων Καταναλωτών στα Είδη Ένδυσης-Υπόδησης την Περίοδο της Κρίσης |
| 260 ## - PUBLICATION, DISTRIBUTION, ETC. | |
| Date of publication, distribution, etc. | 2016 |
| 300 ## - PHYSICAL DESCRIPTION | |
| Extent | 97 |
| 520 ## - SUMMARY, ETC. | |
| Summary, etc. | Περίληψη, Ευχαριστίες, Συμπεριφορά Καταναλωτή, Ορισμός και Τύποι του Καταναλωτή, Ορισμός της Ένοιας του Καταναλωτή, Κατηγορίες Καταναλωτών, Πολιτιστικοί Παράγοντες, Κοινωνικοί Παράγοντες, Προσωπικοί Παράγοντες, Ψυχολογικοί Παράγοντε, Ευρωπαίοι Καταναλωτές, Η Κοινωνιολογική Προσέγγιση της Μόδας, Μεθοδολογία Έρευνας, Ερευνητική Προσέγγιση, Τεχνικές Έρευνας, Σχεδιασμός Έρευνας, Ανάλυση Αποτελεσμάτων, Συνήθειες Καταναλωτών, Έλεγχος ΥΘποθέσεων, Συμπεράσματα, Προσωπικός Αναστοχασμός. |
| 700 1# - ΠΡΟΣΘΕΤΗ ΑΝΑΓΡΑΦΗ--ΦΥΣΙΚΟ ΠΡΟΣΩΠΟ | |
| Personal name | Γιακουμάκη Χριστίνα |
| 9 (RLIN) | 9143 |
| 700 1# - ΠΡΟΣΘΕΤΗ ΑΝΑΓΡΑΦΗ--ΦΥΣΙΚΟ ΠΡΟΣΩΠΟ | |
| Personal name | Φρεμενίτης Μάριος-Αριστομένης |
| 9 (RLIN) | 9144 |
| 942 ## - ADDED ENTRY ELEMENTS (KOHA) | |
| Koha item type | Διπλωματική εργασία |
| Τύπος τεκμηρίου | Βιβλιοθήκη | Τρέχουσα τοποθεσία | Barcode | Ημερομηνία απόκτησης | Ταξιθετικό σύμβολο | Αριθμός αντιτύπου | Κατάσταση απόσυρσης | Κατάσταση χαμένου | Κατάσταση κατεστραμμένου | Μη δανεισμός | Σύνολο δανεισμών | Ημερομηνία τελευταίας εμφάνισης | Η τιμή ισχύει από |
|---|---|---|---|---|---|---|---|---|---|---|---|---|---|
| Διπλωματική εργασία | MC Athens Campus Library | MC Athens Campus Library | 9780000085634 | 05/06/2025 | BUS 2016 (12) | 1 | 05/06/2025 | 05/06/2025 |